Beauty and sadness /

Bibliographic Details
Main Author: Kawabata, Yasunari, 1899-1972
Format: Book
Language:English
Japanese
Edition:1st American ed.

MARC

Tag First Indicator Second Indicator Subfields
LEADER 00000pam a2200000 i 4500
001 in00000480309
005 20170202121159.0
008 741125s1975 nyu 00011 eng
010 |a  74021281  
020 |a 0394460553 
035 |a (OCoLC)01119523 
035 |9 ACC7395AM 
040 |a DLC  |c DLC  |d TXA  |d UtOrBLW 
041 1 |a eng  |a jpn 
049 |a TXAM  |c 1 [1412482], 2 [1511566] 
050 0 0 |a PZ3.K1775  |b Be3  |a PL832.A9 
090 |a PL832.A9  |b B43 1975 
100 1 |a Kawabata, Yasunari,  |d 1899-1972. 
240 1 0 |a Utsukushisa to kanashimi to.  |l English 
245 1 0 |a Beauty and sadness /  |c Yasunari Kawabata ; translated from the Japanese by Howard Hibbett. 
250 |a 1st American ed. 
264 2 |a New York :  |b Knopf : distributed by Random House,  |c [1975] 
300 |a 206 pages ;  |c 22 cm. 
336 |a text  |b txt  |2 rdacontent 
337 |a unmediated  |b n  |2 rdamedia 
338 |a volume  |b nc  |2 rdacarrier 
500 |a Translation of Utsukushisa to kanashimi to. 
999 |a MARS 
999 f f |s b93b66d3-9eab-30e6-8e5f-08ac1b20187c  |i 773fedec-7b71-3217-8210-53db1e46f3aa  |t 0 
952 f f |p normal  |a Texas A&M University  |b College Station  |c Sterling C. Evans Library  |s Evans stk  |d Evans: Library Stacks  |t 0  |e PL832.A9 B43 1975  |h Library of Congress classification  |i unmediated -- volume  |m A14804247318 
998 f f |a PL832.A9 B43 1975  |t 0  |l Evans: Library Stacks